LEADER 00974aam a2200265 a 4500 001 991000634299707536 008 100312s 000 0 ita d 020 $a9788804568155 035 $ab13887567-39ule_inst 040 $aDip.to Filologia Ling. e Lett.$bita 100 1 $aGrasso, Aldo$040244 245 10$aBuona maestra :$bperché i telefilm sono diventati più importanti del cinema e dei libri /$cAldo Grasso 260 $aMilano :$bMondadori,$c2007 300 $a308 p. ;$c21 cm. 440 0$aStrade blu.$pNonfiction 504 $aSchede dei telefilm: p. [283]-303 650 04$aTrasmissioni televisive 650 04$aTelefilm 650 04$aCinema 907 $a.b13887567$b02-04-14$c12-03-10 912 $a991000634299707536 945 $aLE008 FL.M. (f.r.) XXXII 7$g1$i2008000423407$lle008$o-$pE0.00$q-$rl$s- $t0$u12$v2$w12$x0$y.i15088546$z12-03-10 996 $aBuona maestra$9226019 997 $aUNISALENTO 998 $ale008$b12-03-10$cm$da $e-$fita$git $h0$i0 LEADER 01184nam0 22003011i 450 001 UON00400750 005 20231205104655.260 010 $a03-13-33226-6 100 $a20111121d2006 |0itac50 ba 101 $aeng 102 $aUS 105 $a|||| 1|||| 200 1 $aDaily life in the Mongol empire$fGeorge Lane 210 $aWestport$cGreenwood Press$d2006 215 $aXXIV, 312 p.$cill.$d24 cm 311 $aMON XIII 002 N$9UON00400751 410 0$1001UON00400751$12001 $aˆThe ‰Greenwood Press 'Daily life through history' series$v MON XIII 002 N 606 $aMONGOLI$xUSI E COSTUMI$3UONC080144$2FI 620 $aUS$dWestport (Connecticut)$3UONL003186 686 $aMON XIII$cMONGOLIA - SOCIOLOGIA$2A 700 1$aLANE$bGeorge$3UONV146607$0707010 712 $aGreenwood Press$3UONV246063$4650 801 $aIT$bSOL$c20240220$gRICA 899 $aSIBA - SISTEMA BIBLIOTECARIO DI ATENEO$2UONSI 912 $aUON00400750 950 $aSIBA - SISTEMA BIBLIOTECARIO DI ATENEO$dSI MON XIII 002 N $eSI SA 130550 5 002 N 996 $aDaily life in the Mongol empire$91349416 997 $aUNIOR